000 01510nam a2200349 a 4500
999 _c346134
_d346134
003 BLK
005 20240628142954.0
008 191023b bu ||||| |||| 00| 0 bu d
020 _a9786191865116
040 _aBLK
041 _aBUL
_cBUL
080 _aРежисьори, театрални
_b792.071.1
_z792.071.1(497.2)(092)
_x(497.2)(092)
080 _aБългарски театрален режисьор
_b929 Шкаров, Слави
_z929 Шкаров, Слави
100 _9268244
_aГеоргиев, Йордан Георгиев
_eпърви автор
139 _aГеоргиев, Йордан
_bШ 71
245 _aГеният и зануленото време
_bТеатралният път на режисьора Слави Шкаров
_cЙордан Георгиев
260 _9209682
_aПловдив
_bЖанет 45
_c2019
300 _a267 с. : с ил.
_c24 см
_e1 CD
380 _a7
600 1 4 _aШкаров, Слави
_d1941 - 1988
_gБългарски театрален режисьор
_9143668
650 0 _9401780
_aРежисьори, театрални, български
653 7 _9195388
_aрежисьори
700 _91311
_aМинков, Борис
_eред.
700 _91637
_aГочев, Христо
_eхудож.
852 _bК
_cК 792(092)/Ш 71
852 _bК
_cК 792/Ш 71
942 _cKNG
_n0
_s1
944 _aCR
_c2019-10-23
_k30535
_lХристина Везирева
999 _d346134
999 _d346134
999 _d346134